000
00331 a2200157 4500
001
188037
020
_a
85-10-02871-0
040
_c
Magnum
100
_a
Tavares, Ulisses
240
1
0
_a
Fábulas do futuro
_l
por
245
1
0
_a
Fábulas do futuro
300
_a
95
362
0
_a
2001
697
_a
LITERATURA JUVENIL
942
_c
BK
999
_c
188037
_d
188037